Capitalist development: critical essays felicitation volume in honour of Prof. A.R. Desai (Record no. 354099)

000 -LEADER
fixed length control field 00407cam a22001337a 4500
008 - FIXED-LENGTH DATA ELEMENTS--GENERAL INFORMATION
fixed length control field 180718b1990 xxu||||| |||| 00| 0 eng d
020 ## - INTERNATIONAL STANDARD BOOK NUMBER
International Standard Book Number 0861322703
082 ## - DEWEY DECIMAL CLASSIFICATION NUMBER
Classification number T111 C172
245 ## - TITLE STATEMENT
Title Capitalist development: critical essays felicitation volume in honour of Prof. A.R. Desai
Statement of responsibility, etc. edited by G. Shah
260 ## - PUBLICATION, DISTRIBUTION, ETC.
Place of publication, distribution, etc. Bombay
Name of publisher, distributor, etc. Popular
Date of publication, distribution, etc. 1990
300 ## - PHYSICAL DESCRIPTION
Extent 411p.
650 ## - SUBJECT ADDED ENTRY--TOPICAL TERM
Topical term or geographic name entry element Capitalism - India
700 ## - ADDED ENTRY--PERSONAL NAME
Personal name Shah, G.
Holdings
Withdrawn status Lost status Damaged status Not for loan Permanent Location Current Location Date acquired Full call number Barcode Date last seen Price effective from Koha item type
        Indian Institute of Public Administration Indian Institute of Public Administration 1994-03-25 T111 C172 67643 2018-07-21 2018-07-21 Book
        Indian Institute of Public Administration Indian Institute of Public Administration 1993-12-07 T111 C172 65549 2018-07-21 2018-07-21 Book

Powered by Koha